1018 1170 1710 1431 1197 1497 1866 1924 1665 1357 1987 1532 1569 1971 1088 1089 1422 1015 1410 1629 1869 1433 1902 1678 1180 1583 1002 1215 1256 1064 1570 1451 1413 1122 1913 1430 1878 1516 1220 1345 1228 1567 1044 1802 1967 1644 1019 1528 1561 1256 1402 1254 1550 1059 1964 1170 1333 1423 1519 1678 1090 1021 1417 1543 1201 1450 1486 1884 1475 1806 1347 1631 1714 1058 1277 1718 1058 1478 1289 1452 1822 1093 1607 1343 1920 1520 1125 1947 1204 1071 1741 1850 1528 1274 1350 1307 1628 1478 1378 BCNSPRNW ULIB Ver.6.0+V

เปลี่ยนเป็นภาษาไทย

Change to English
 แสดงรายละเอียดบรรณานุกรม
  กลับหน้าหลัก

Brief Record : Get Marc (ISO 2709) : E-mail record : QR code < ปิดหน้าต่าง
LEADER : 00000nam 2200000uu 4500
001    13399113102
003     ULIB
008    110927s2550||||th 000 0 tha d
020    9747105055
050  4 PN4129.T5^bป117ว 2550
100 0  ปกรณ์ สุวรรณประภา
245 10 วิทยากรกระบวนการภาคสนาม /^cปกรณ์ สุวรรณประภา
250    พิมพ์ครั้งที่ 3
260    พิษณุโลก :^bสถาบันพัฒนาสี่แยกอินโดจีน,^c2550
300    217 หน้า :^bภาพประกอบ ;^c21 ซม.
650  4 การฝึกอบรม
650  4 วาทศิลป์
650  4 วิทยากร
710 2  สถาบันพัฒนาสี่แยกอินโดจีน
945    ^p145^l0^i026710
995    ทศพร
999 ^a ทศพร
รายการนี้ยังไม่มีแท็ก
คุณยังไม่ได้ล็อกอิน คุณสามารถมีกิจกรรมร่วมกับเว็บไซต์ได้ แต่ต้องล็อกอินก่อน ::
  ล็อกอิน

รายการสื่อสารสนเทศ

ลำดับที่ ประเภท เลขเรียก/บาร์โค้ด สถานที่ สถานะ
- ไม่พบข้อมูล -

รายการใกล้เคียง
    ผู้แต่ง [ปกรณ์ สุวรรณประภา]

    หัวเรื่อง [การฝึกอบรม]
    หัวเรื่อง [วาทศิลป์]
    หัวเรื่อง [วิทยากร]

BibComment


ยังไม่เคยถูกคอมเมนท์

คอมเมนท์ทรัพยากรรายการนี้
  คอมเมนท์: วิทยากรกระบวนการภ..


 Copyright 2026. Bcnsprnw @Library